000 00308nam a2200145Ia 4500
100 _aStreetman/Ban
250 _a3
942 _cBK
654 _asolid
245 _aSolid state electronic devices
260 _bprentice
_aNew Delhi
_c1995
082 _a621.3815
_bSTR
300 _a462
546 _aENGLISH
999 _c28368
_d28368